Chất lượng ở cho đô thị sau năm 2000 /
Những yếu tố tác động đến chất lượng ở; Chất lượng nhà ảnh hưởng trực tiếp đến chất lượng ở; Những nội dung chủ yếu của chất lượng nhà ở sau năm 2000; Nhà ở cho người thu nhập thấp; Một số nhận xét, đánh giá về thiết kế chung cư cho các đô thị hiện nay....
Đã lưu trong:
| 主要作者: | |
|---|---|
| 格式: | 图书 |
| 语言: | Vietnamese |
| 出版: |
Hà Nội :
Khoa học và kỹ thuật,
2003.
|
| 主题: | |
| 标签: |
添加标签
没有标签, 成为第一个标记此记录!
|
| Thư viện lưu trữ: | Mạng thư viện Đại học Đà Nẵng |
|---|
| LEADER | 01463cam a2200361 a 4500 | ||
|---|---|---|---|
| 001 | 000044382 | ||
| 003 | 2755 | ||
| 005 | 20060410091740.0 | ||
| 008 | 010220b2003 vm 000 vie | ||
| 020 | |c 65000 | ||
| 040 | |a LRC |c LRC |d LRC | ||
| 041 | 0 | |a vie | |
| 082 | 1 | 4 | |a 728.3 |b LƯ-D |
| 100 | 1 | |a Lương Anh Dũng. | |
| 245 | 1 | 0 | |a Chất lượng ở cho đô thị sau năm 2000 / |c Lương Anh Dũng. |
| 260 | |a Hà Nội : |b Khoa học và kỹ thuật, |c 2003. | ||
| 300 | |a 132 tr. : |b mh. ; |c 27 cm. | ||
| 520 | 3 | |a Những yếu tố tác động đến chất lượng ở; Chất lượng nhà ảnh hưởng trực tiếp đến chất lượng ở; Những nội dung chủ yếu của chất lượng nhà ở sau năm 2000; Nhà ở cho người thu nhập thấp; Một số nhận xét, đánh giá về thiết kế chung cư cho các đô thị hiện nay. | |
| 630 | 0 | 4 | |a Nhà ở. |
| 630 | 0 | 4 | |a Đô thị. |
| 650 | 0 | 4 | |a Nhà ở |x Đô thị. |
| OWN | |a DUT | ||
| AVA | |a UDN50 |b DUT |c Book |d 728.3 LƯ-D |e available |t Error 5001 Not defined in file expand_doc_bib_avail. |f 5 |g 0 |h N |i 2 |j SH |k 1 | ||
| 999 | |a From the UDN01 | ||
| AVA | |a UDN50 |b DUT |c Book |d 728.3 LƯ-D |e available |t Error 5001 Not defined in file expand_doc_bib_avail. |f 5 |g 0 |h N |i 2 |j SH |k 1 | ||
| TYP | |a Monograph | ||
| TYP | |a Printed language | ||
| 980 | |a Mạng thư viện Đại học Đà Nẵng | ||